|
|
|
|
| LEADER |
00000nab a2200000ua 4500 |
| 001 |
vtls010801476 |
| 003 |
SK-MaSNL |
| 005 |
20260303233223.0 |
| 008 |
230131s1994 xo |||||||||||||||||slo| |
| 035 |
|
|
|a (urnnbn)urn:nbn:sk:snk:ar-0042e2
|
| 035 |
|
|
|a (uuid)2da83f98-37e1-4b58-ac40-fa9af8a3c030
|
| 035 |
|
|
|a urn:nbn:sk:snk-ab429a
|
| 040 |
|
|
|a SNKBUCL
|b slo
|c SNKBUCL
|e AACR2
|
| 041 |
0 |
|
|a slo
|
| 044 |
|
|
|a xo
|c SK
|
| 100 |
1 |
|
|a Kečkeméthy, Alexander
|4 aut
|9 582672
|
| 245 |
1 |
0 |
|a KVALITA KUKURIČNÝCH SILÁŽÍ INOKULOVANÝCH BAKTÉRIAMI MLIEČNEHO KVASENIA
|c Alexander Kečkeméthy, Emília Bencová, Ján Chovanec, Katarína Hletková, Miloslava Václavová, Miroslav Škultéty, Nadežda Škultétyová
|
| 246 |
3 |
|
|a QUALITY OF MAIZE SILAGES INOCULATED WITH LACTIC ACID BACTERIA
|
| 700 |
1 |
|
|a Bencová, Emília
|4 aut
|9 9487
|
| 700 |
1 |
|
|a Chovanec, Ján
|4 aut
|9 288289
|
| 700 |
1 |
|
|a Hletková, Katarína
|4 aut
|9 1269784
|
| 700 |
1 |
|
|a Václavová, Miloslava
|4 aut
|9 1269785
|
| 700 |
1 |
|
|a Škultéty, Miroslav,
|d 1933-
|4 aut
|9 245948
|
| 700 |
1 |
|
|a Škultétyová, Nadežda
|4 aut
|9 957330
|
| 773 |
0 |
|
|t Poľnohospodárstvo : časopis pre poľnohospodárske vedy
|g Roč. 40, č. 9 (1994), s. 684-692
|
| 954 |
|
|
|a odborná, vedecká literatúra pôvodná (slovenská)
|2 lita
|
| 958 |
|
|
|a OND
|
| 958 |
|
|
|a EUIPO
|
| 958 |
|
|
|a article3
|
| 999 |
|
|
|c 2514017
|d 2515947
|